| Tag |
First Indicator |
Second Indicator |
Subfields |
| LEADER |
00000cam a2200000 4500 |
| 001 |
in00000675821 |
| 005 |
20151015082201.0 |
| 008 |
800919r17961796miua a 00010 eng d |
| 035 |
|
|
|a (OCoLC)06731265
|
| 035 |
|
|
|9 ACX8810AM
|
| 040 |
|
|
|a EEU
|c TXA
|d UtOrBLW
|
| 049 |
|
|
|a TXAI
|
| 090 |
|
|
|a HV9481.P52
|b T8
|
| 099 |
|
|
|a film
|a B
|a 1512
|a reel
|a 437.9
|
| 100 |
1 |
|
|a Turnbull, Robert J.
|q (Robert James),
|d 1775-1833.
|
| 245 |
1 |
2 |
|a A visit to the Philadelphia prison :
|b being an accurate and particular account of the wise and humane administration adopted in every part of that building; containing also an account of the gradual reformation, and present improved state, of the penal laws of Pennsylvania: with observations on the impolicy and injustice of capital punishments. In a letter to a friend /
|c By Robert J. Turnbull.
|
| 264 |
|
1 |
|a Philadelphia :
|b Budd & Bartram,
|c 1796.
|
| 300 |
|
|
|a 1 page ., ii, 93 pages :
|b folded tables ;
|c 22 cm.
|
| 336 |
|
|
|a text
|b txt
|2 rdacontent
|
| 337 |
|
|
|a microform
|b h
|2 rdamedia
|
| 338 |
|
|
|a microfilm reel
|b hd
|2 rdacarrier
|
| 500 |
|
|
|a Originally published in The Charleston daily gazette.
|
| 500 |
|
|
|a Microfilm. Ann Arbor, Mich. University Microfilms (n.d.) (American Culture Series, Reel 437.9)
|
| 500 |
|
|
|a Microform.
|
| 610 |
1 |
0 |
|a Philadelphia.
|b Walnut Street Prison.
|
| 650 |
|
0 |
|a Criminal law
|z Pennsylvania
|x History and criticism.
|
| 650 |
|
0 |
|a Capital punishment.
|
| 999 |
|
|
|a MARS
|
| 999 |
f |
f |
|s 3ffd5832-dcda-3513-ba7c-abbd0fed6a6e
|i 0b4fa393-277c-3f54-9db0-28d17c34bebc
|t 0
|
| 952 |
f |
f |
|p default
|a Texas A&M University
|b College Station
|c Sterling C. Evans Library
|d Evans: Microforms (3rd floor)
|t 0
|e film B 1512 reel 437.9
|h Other scheme
|i microform -- microfilm reel
|
| 998 |
f |
f |
|a film B 1512 reel 437.9
|t 0
|l Evans: Microforms (3rd floor)
|